[Event "Podzimni turnaj TJ Praga 2015 1A"]
[Site "Praha"]
[Date "2015.12.01"]
[Round "10.3"]
[White "Frouz, Petr"]
[Black "Machala, Vladislav"]
[Result "1/2-1/2"]
[WhiteElo "1845"]
[BlackElo "2054"]
[Annotator ""]
[Source ""]
[Remark ""]

1.d4 c6 2.Nf3 d6 3.c4 Nd7 4.Nc3 e5 5.dxe5 dxe5 6.e4 Ngf6 7.Be2
Be7 8.O-O O-O 9.Qc2 Qc7 10.h3 a5 11.Be3 Bc5 12.Bg5 h6 13.Bh4
Nh5 14.Nh2 Nf4 15.Bg4 Nb6 16.Ne2 Be6 17.Nxf4 exf4 18.Bxe6 fxe6
19.Ng4 e5 20.Kh1 Rae8 21.f3 Qf7 22.b3 Bd4 23.Rad1 c5 24.Bf2 h5
25.Bxd4 exd4 26.Nf2 Nd7 27.Nd3 b6 28.a3 Qe7 29.Qd2 Qd6 30.b4
axb4 31.axb4 Ne5 32.bxc5 bxc5 33.Rc1 Nxd3 34.Qxd3 Ra8 35.Ra1
Ra6 36.Rxa6 Qxa6 37.Re1 Qa5 38.Rb1 Rf6 39.Rb8+ Kh7 40.e5+ Rg6
41.Rh8+ Kxh8 42.Qxg6 Qe1+ 43.Kh2 Qxe5 44.Qd3 Qe1 45.Qf5 Qg3+
46.Kg1 1/2-1/2

[Event "Podzimni turnaj TJ Praga 2015 1A"]
[Site "Praha"]
[Date "2015.12.01"]
[Round "10.4"]
[White "Adamek, Milan"]
[Black "Horak, Karel"]
[Result "1-0"]
[WhiteElo "1874"]
[BlackElo "1844"]
[Annotator ""]
[Source ""]
[Remark ""]

1.e4 c5 2.Nc3 Nc6 3.f4 d6 4.Bb5 Bd7 5.Nf3 g6 6.O-O Bg7 7.d3 e6
8.Bxc6 bxc6 9.Qe1 Nh6 10.e5 d5 11.b3 Nf5 12.Na4 Rb8 13.Ba3 Bf8
14.Bxc5 Bxc5+ 15.Nxc5 Qb6 16.Qf2 Bc8 17.g4 1-0

[Event "Podzimni turnaj TJ Praga 2015 1A"]
[Site "Praha"]
[Date "2015.12.01"]
[Round "10.5"]
[White "Pribyl, Jaroslav"]
[Black "Holub, Jan"]
[Result "0-1"]
[WhiteElo "1975"]
[BlackElo "2124"]
[Annotator ""]
[Source ""]
[Remark ""]

1.d4 c5 2.d5 e5 3.e4 d6 4.f4 exf4 5.Bxf4 Nf6 6.Nc3 Be7 7.Nf3
O-O 8.Bd3 Re8 9.O-O a6 10.a4 Nbd7 11.e5 dxe5 12.Nxe5 Nxe5 13.Bxe5
Ng4 14.Bg3 Bf6 15.Qf3 Ne3 16.Rfe1 Bg4 17.Qf4 g5 18.Qc7 c4 19.Rxe3
Rxe3 20.Qxc4 Qc8 21.Qb4 a5 22.Qb3 h5 23.Ne4 Bd4 24.Bf2 f5 25.Nxg5
Qc5 26.d6+ Kh8 27.Qf7 Bg7 28.Ne6 Qe5 29.Qxg7+ Qxg7 30.Nxg7 Rxd3
31.cxd3 Kxg7 32.h3 Be2 33.Re1 Bxd3 34.Re7+ Kf6 35.Bd4+ Kg5 36.Kf2
Bc2 37.d7 Bxa4 38.Re6 Bxd7 39.Be3+ f4 40.Bd2 Bxe6 0-1

[Event "Podzimni turnaj TJ Praga 2015 1A"]
[Site "Praha"]
[Date "2015.12.01"]
[Round "10.6"]
[White "Davidek, Bohuslav"]
[Black "Ryvova, Anna"]
[Result "0-1"]
[WhiteElo "1771"]
[BlackElo "1922"]
[Annotator "Ryvova, Anna"]
[Source ""]
[Remark ""]

1.e4 e5 2.f4 d5 3.exd5 e4 4.d3 Nf6 5.dxe4 Nxe4 6.Qe2 Qxd5 7.Qb5+
Qc6 8.Nf3 Bc5 9.Qxc6+ Nxc6 10.Bd3 {?} ( 10.Nc3 Nxc3 11.bxc3 O-O
$17 ) Nf2 $19 11.Rf1 Nxd3+ 12.cxd3 Bf5 13.Kd2 O-O-O 14.Ne1 Rhe8
15.Nc3 Nb4 16.Rf3 Nd5 ( 16...Bf2 {!} 17.Rxf2 Nxd3 18.Nxd3 Rxd3+
$19 ) 17.h3 h5 18.a3 Nxc3 19.bxc3 Rd7 20.d4 Bb6 21.Bb2 Rde7 22.Rf2
c5 23.Nf3 f6 24.Re1 Rxe1 25.Nxe1 cxd4 26.cxd4 Ba5+ 0-1

[Event "Podzimni turnaj TJ Praga 2015 1A"]
[Site "Praha"]
[Date "2015.12.01"]
[Round "10.7"]
[White "Brcak, Marek"]
[Black "Stepanek, Svatopluk"]
[Result "1/2-1/2"]
[WhiteElo "1879"]
[BlackElo "1869"]
[Annotator ""]
[Source ""]
[Remark ""]

1.e4 e5 2.Nf3 Nc6 3.Bc4 Be7 4.d4 d6 5.O-O Bg4 6.c3 Nf6 7.Qb3
Bxf3 8.Bxf7+ Kf8 9.gxf3 exd4 10.cxd4 Nxd4 11.Qd3 Nxf3+ 12.Qxf3
Kxf7 13.Qb3+ Ke8 14.Qxb7 Rf8 15.Nc3 Rb8 16.Qxa7 Qc8 17.Qa4+ Kd8
18.f3 Qh3 19.Qc2 Nh5 20.Nd5 Rb7 21.Qg2 Qe6 22.Bg5 Bf6 23.Rac1
h6 24.Bxf6+ gxf6 25.Kh1 Rg8 26.Qf2 Qe5 27.Rg1 Rg5 28.b3 f5 29.Rxg5
hxg5 30.Qc2 c5 31.Qc3 Qxc3 32.Rxc3 Rf7 33.Kg2 fxe4 34.fxe4 Nf4+
35.Nxf4 Rxf4 36.Re3 Kd7 37.e5 d5 38.e6+ Ke7 39.a4 c4 40.bxc4
Rxc4 41.Re5 Rxa4 42.Rxd5 g4 43.Re5 Ra8 44.Kg3 Rg8 45.Re4 Rg6
46.Kh4 Rxe6 47.Rxg4 Rh6+ 48.Kg3 Kf7 49.h3 Rg6 50.Kf4 Kf6 51.Rh4
Kg7 52.Rh5 Rf6+ 53.Ke4 Rh6 54.Rg5+ Kh7 55.Rg3 Rg6 56.Rg4 Rh6
57.h4 Rh5 58.Kf3 Kh6 59.Rf4 Kh7 60.Kg4 Rh6 61.h5 Kg7 62.Kg5 Rh8
63.Ra4 Rg8 64.Ra7+ Kh8+ 65.Kh6 Rg2 66.Ra6 Rg7 67.Rg6 Rg8 68.Kg5
Rxg6+ 69.hxg6 Kg7 70.Kf5 Kg8 71.Kf6 Kf8 72.g7+ Kg8 73.Kg6 1/2-1/2

[Event "Podzimni turnaj TJ Praga 2015 1A"]
[Site "Praha"]
[Date "2015.12.01"]
[Round "10.8"]
[White "Pavlicek, Petr"]
[Black "Paulovic, Milan"]
[Result "1-0"]
[WhiteElo "1929"]
[BlackElo "1855"]
[Annotator ""]
[Source ""]
[Remark ""]

1.Nf3 f5 2.g3 Nf6 3.Bg2 e6 4.O-O d5 5.d4 Bd6 6.c4 c6 7.b3 O-O
8.Ba3 Bxa3 9.Nxa3 Nbd7 10.Qc1 Ne4 11.Qb2 Qe8 12.Rad1 Qh5 13.Ne5
g5 14.f3 Nd6 15.c5 Nf7 16.Nxf7 Rxf7 17.e4 Qg6 18.exf5 exf5 19.f4
g4 20.Nc2 Nf6 21.Nb4 Be6 22.Nd3 Re7 23.Ne5 Qe8 24.b4 Kg7 25.a4
a6 26.Rd3 Nd7 27.Re3 Nf6 28.Rfe1 Ne4 29.Bf1 Bd7 30.Rb3 Ra7 31.Bd3
Kf6 32.Rc1 h5 33.Bxe4 fxe4 34.Qe2 Bf5 35.b5 axb5 36.axb5 Ra4
37.bxc6 bxc6 38.Nxc6 Rc7 39.Nb4 Qa8 40.Qb5 Rca7 41.c6 R4a5 42.Nxd5+
Kf7 43.Qc4 Be6 44.Rb5 Qd8 45.c7 Qa8 46.Qc5 1-0

[Event "Podzimni turnaj TJ Praga 2015 1A"]
[Site "Praha"]
[Date "2015.12.01"]
[Round "10.10"]
[White "Ulicny, Daniel"]
[Black "Zimak, Karel"]
[Result "1-0"]
[WhiteElo "1772"]
[BlackElo "1831"]
[Annotator ""]
[Source ""]
[Remark ""]

1.d4 Nf6 2.c4 e6 3.g3 Be7 4.Bg2 d5 5.Nc3 O-O 6.Nf3 Nbd7 7.b3
Ne4 8.Nxe4 dxe4 9.Nd2 f5 10.e3 c5 11.Bb2 Bf6 12.Qc2 Qb6 13.d5
Ne5 14.O-O Rd8 15.dxe6 Bxe6 16.Rfd1 Rd3 17.Nxe4 fxe4 18.Bxe4
Rxd1+ 19.Rxd1 Bg4 20.Bd5+ Kh8 21.Rc1 Rd8 22.Bxe5 Bxe5 23.Qe4
Qf6 24.Qxg4 Rf8 25.Rc2 b6 26.Qe6 g6 27.Qxf6+ Bxf6 28.f4 Re8 29.Re2
Kg7 30.e4 Bd4+ 31.Kg2 Re7 32.e5 h5 33.h3 Kh6 34.Kf3 g5 35.e6
Kg6 36.Ke4 Kf6 37.Kf3 Kf5 38.g4+ hxg4+ 39.hxg4+ Kf6 40.fxg5+
Kxg5 41.Rh2 Kf6 42.Rh5 a6 43.Rf5+ Kg6 44.Rf7 Bf6 45.Be4+ Kg5
46.Rxe7 Bxe7 47.Bf5 Kf6 48.Ke4 Bd6 49.Kd5 1-0

[Event "Podzimni turnaj TJ Praga 2015 1A"]
[Site "Praha"]
[Date "2015.12.01"]
[Round "10.13"]
[White "Hajek, Jiri"]
[Black "Pokorny, Jan"]
[Result "0-1"]
[WhiteElo "1853"]
[BlackElo "1865"]
[Annotator ""]
[Source ""]
[Remark ""]

1.e4 d6 2.d4 Nf6 3.Nc3 g6 4.Nf3 Bg7 5.Bg5 a6 6.Be2 b5 7.Bxf6
Bxf6 8.Nd5 Bg7 9.c4 c6 10.Ne3 Qa5+ 11.Qd2 Qxd2+ 12.Kxd2 Nd7 13.Rhc1
Nf6 14.Bd3 O-O 15.cxb5 cxb5 16.Rc7 Ne8 17.Rc2 Bb7 18.Rac1 Nf6
19.d5 e6 20.Rc7 exd5 21.exd5 Bxd5 22.Nxd5 Nxd5 23.R7c6 Bh6+ 0-1

[Event "Podzimni turnaj TJ Praga 2015 1A"]
[Site "Praha"]
[Date "2015.12.08"]
[Round "11.1"]
[White "Pesr, Jaromir"]
[Black "Holub, Jan"]
[Result "1-0"]
[WhiteElo "2004"]
[BlackElo "2124"]
[Annotator ""]
[Source ""]
[Remark ""]

1.c4 e5 2.Nc3 Nc6 3.g3 g6 4.Bg2 Bg7 5.d3 f5 6.e4 Nf6 7.Nge2 O-O
8.O-O d6 9.Nd5 Be6 10.Bd2 Qd7 11.b4 fxe4 12.dxe4 Bh3 13.f3 Bxg2
14.Kxg2 Rf7 15.Qb3 Raf8 16.Rac1 Nd8 17.Qd3 Ne6 18.Rcd1 h5 19.h4
Kh7 20.Ng1 Ng8 21.Nh3 Bh6 22.Bxh6 Nxh6 23.Ng5+ Nxg5 24.hxg5 Ng8
25.Rf2 c6 26.Nc3 Rd8 27.Qe3 Qe6 28.c5 d5 29.exd5 cxd5 30.Ne4
Rfd7 31.Nd6 b6 32.Re2 bxc5 33.bxc5 Re7 34.Rde1 Rc7 35.Nb5 Rb7
36.Nd4 Qc8 37.Qxe5 Re7 38.Ne6 d4 39.f4 Qc6+ 40.Kf2 Rd5 41.Nf8# 1-0

[Event "Podzimni turnaj TJ Praga 2015 1A"]
[Site "Praha"]
[Date "2015.12.08"]
[Round "11.2"]
[White "Machala, Vladislav"]
[Black "Ptak, Pavel"]
[Result "0-1"]
[WhiteElo "2054"]
[BlackElo "2115"]
[Annotator ""]
[Source ""]
[Remark ""]

1.Nf3 g6 2.d4 Bg7 3.Nc3 d5 4.Bf4 Nf6 5.h3 O-O 6.Qd2 Ne4 7.Nxe4
dxe4 8.Ne5 Nd7 9.O-O-O Nxe5 10.Bxe5 Bxe5 11.dxe5 Qxd2+ 12.Rxd2
e3 13.fxe3 Bf5 14.Rd4 c5 15.Rf4 Be6 16.g3 a5 17.Bg2 Rab8 18.Rd1
b5 19.a3 b4 20.axb4 g5 21.Rff1 Rxb4 22.c3 Rb6 23.h4 Rfb8 24.Rd2
a4 25.Rfd1 a3 26.Rd8+ Kg7 27.Rxb8 axb2+ 28.Kb1 Rxb8 29.Bd5 Bg4
30.Bc4 gxh4 31.gxh4 Bf5+ 32.Bd3 Be6 33.Bc2 Kh6 34.Rf1 Rb5 35.Rf3
c4 36.Ba4 Rxe5 37.Kxb2 Bd5 38.Rg3 f6 39.Be8 Be6 40.Ka3 Re4 41.h5
f5 42.Kb4 Rg4 43.Rf3 Rg8 44.Bb5 Kxh5 45.Bxc4 Rg4 46.Rf4 Bxc4
47.Rxc4 Kg5 48.e4 h5 49.Rc8 h4 50.Rh8 Rxe4+ 51.c4 Rxe2 52.c5
Rc2 53.Kb5 e5 54.c6 e4 55.Kb6 e3 56.Re8 f4 57.Re5+ Kg4 58.Rc5
Rxc5 0-1

[Event "Podzimni turnaj TJ Praga 2015 1A"]
[Site "Praha"]
[Date "2015.12.09"]
[Round "11.3"]
[White "Ryvova, Anna"]
[Black "Frouz, Petr"]
[Result "1-0"]
[WhiteElo "1922"]
[BlackElo "1845"]
[Annotator "Ryvova, Anna"]
[Source ""]
[Remark ""]

1.e4 e6 2.d4 d5 3.Nd2 dxe4 4.Nxe4 Nd7 5.Nf3 Be7 6.Bc4 Ngf6 7.Nxf6+
Bxf6 8.O-O O-O 9.Qe2 c5 10.dxc5 Nxc5 11.c3 Bd7 12.Bf4 Be7 13.Rad1
a6 {?} ( 13...Qc8 14.Ne5 Bc6 15.Rfe1 $16 ) 14.Ne5 $18 Qc8 15.Nxd7
Nxd7 16.Bxe6 fxe6 17.Qxe6+ Kh8 18.Rxd7 Bf6 19.Rfd1 Bxc3 20.Be5
{?!} ( 20.bxc3 Rxf4 21.g3 ( 21.Qe7 Qg8 22.Rd8 Rf8 23.Rxa8 Rxa8
24.Qxb7 {+2.13} ) Rf8 22.Qe5 Rg8 23.R1d6 $18 ) Re8 21.Qxe8+ Qxe8
22.Bxc3 Rc8 23.Bxg7+ Kg8 24.Bc3 $16 Qh5 {?} ( 24...Qe2 $16 )
25.Rg7+ Kf8 26.Rdd7 Rxc3 27.bxc3 $18 Qh6 28.h3 Qc1+ 29.Kh2 Qf4+
30.Rg3 h5 31.Rd4 Qc7 32.f4 Kf7 33.Rgd3 Ke6 34.g4 ( 34.Rd6+ Kf5
35.Kg3 {%02'with the idea' Kf3, Rd3d5#} ) h4 ( 34...Qc5 35.Rd6+
Ke7 36.Kg3 $18 ) 35.Rd6+ 1-0

[Event "Podzimni turnaj TJ Praga 2015 1A"]
[Site "Praha"]
[Date "2015.12.08"]
[Round "11.5"]
[White "Horak, Karel"]
[Black "Pavlicek, Petr"]
[Result "1/2-1/2"]
[WhiteElo "1844"]
[BlackElo "1929"]
[Annotator "Ryvova, Anna"]
[Source ""]
[Remark ""]

1.e4 c5 2.Nf3 d6 3.d4 cxd4 4.Nxd4 Nf6 5.Nc3 a6 6.Be3 e5 7.Nb3
Be6 8.Qd2 Nbd7 9.f4 Qc7 10.f5 Bc4 11.O-O-O b5 12.Be2 Bxe2 13.Qxe2
Rc8 14.Kb1 Be7 15.Rhg1 Nb6 16.Bxb6 Qxb6 17.g4 b4 18.Nd5 Nxd5
19.exd5 O-O 20.g5 f6 21.h4 Qc7 22.Qe4 a5 23.Rg4 a4 24.Nd2 Qc5
25.Rdg1 Rc7 26.gxf6 Bxf6 27.Nf3 Rfc8 28.Ng5 Qxc2+ 29.Qxc2 Rxc2
30.Rxb4 R2c4 31.Rb7 Rxh4 32.Ne6 Rh2 33.Nxg7 Kh8 34.Ne6 {34. ... e4 $19}
 1/2-1/2

[Event "Podzimni turnaj TJ Praga 2015 1A"]
[Site "Praha"]
[Date "2015.12.08"]
[Round "11.7"]
[White "Brcak, Marek"]
[Black "Kolar, Dan"]
[Result "0-1"]
[WhiteElo "1879"]
[BlackElo "1866"]
[Annotator ""]
[Source ""]
[Remark ""]

1.e4 c5 2.Nf3 Nc6 3.d4 cxd4 4.c3 dxc3 5.Nxc3 d6 6.Bc4 a6 7.O-O
e6 8.a4 Be7 9.Qe2 Nf6 10.Rd1 Qc7 11.Bf4 Ne5 12.Bxe5 dxe5 13.Rac1
O-O 14.Ba2 Qa5 15.Nd2 Bd7 16.Nc4 Qc7 17.a5 Bc6 18.Nb6 Rad8 19.Ncd5
exd5 20.exd5 Bb5 21.Rxc7 Bxe2 22.Rdc1 Bd6 23.Rxb7 Bb5 24.g3 Rb8
25.Ra7 Rfd8 26.Bc4 Nd7 27.Bxb5 Nxb6 28.Rxa6 Nxd5 29.Bc4 Nf6 30.Ra7
Rf8 31.b3 Ra8 32.Rxa8 Rxa8 33.a6 Kf8 34.Kg2 Ke7 35.Rb1 Bb4 36.Rd1
Bc5 37.b4 Bxb4 38.Rb1 Bc5 39.Rb7+ Kd6 40.Rxf7 Ra7 41.Rf8 Kc6
42.Rb8 Bb6 43.f3 h6 44.h4 Nd7 45.Rg8 Nc5 46.g4 Nxa6 47.Bxa6 Rxa6
48.Rxg7 Ra2+ 49.Kh3 Be3 50.g5 hxg5 51.hxg5 Kd6 52.g6 Ra1 53.Kg4
Ke6 54.Rg8 Kf6 55.Kh5 Rh1+ 56.Kg4 Rg1+ 57.Kh5 Rg5+ 58.Kh4 Bf2+
59.Kh3 Rxg6 60.Rf8+ Ke7 61.Rf5 Bg3 62.Kg2 Bf4+ 63.Kf1 Rg5 0-1

[Event "Podzimni turnaj TJ Praga 2015 1A"]
[Site "Praha"]
[Date "2015.12.08"]
[Round "11.9"]
[White "Paulovic, Milan"]
[Black "Ulicny, Daniel"]
[Result "1/2-1/2"]
[WhiteElo "1855"]
[BlackElo "1772"]
[Annotator ""]
[Source ""]
[Remark ""]

1.e4 d6 2.d4 Nf6 3.Nc3 g6 4.f4 Bg7 5.Nf3 Bg4 6.Be2 O-O 7.O-O
Nbd7 8.h3 Bxf3 9.Bxf3 e5 10.fxe5 dxe5 11.d5 Qe7 12.Be3 Rfd8 13.Qe2
a6 14.Rab1 Rac8 15.a3 1/2-1/2

[Event "Podzimni turnaj TJ Praga 2015 1A"]
[Site "Praha"]
[Date "2015.12.16"]
[Round "11.10"]
[White "Zimak, Karel"]
[Black "Pribyl, Jaroslav"]
[Result "0-1"]
[WhiteElo "1831"]
[BlackElo "1975"]
[Annotator ""]
[Source ""]
[Remark ""]

1.Nf3 Nf6 2.g3 b6 3.Bg2 Bb7 4.O-O g6 5.d4 Bg7 6.c4 d5 7.cxd5
Bxd5 8.Nc3 Bb7 9.Bf4 O-O 10.Rc1 Na6 11.Qa4 c5 12.Rfd1 Qe8 13.dxc5
Nxc5 14.Qxe8 Rfxe8 15.Nb5 Red8 16.Rxd8+ Rxd8 17.b4 Ne6 18.Nxa7
Nxf4 19.gxf4 Nd5 20.e3 Nxb4 21.Ne5 Nxa2 22.Ra1 Bxe5 23.fxe5 Bxg2
24.Kxg2 Nc3 25.Nc6 Rd7 26.Nd4 b5 27.Ra8+ Kg7 28.Rb8 Rd5 29.Rb7
Rxe5 30.Nc6 Rg5+ 31.Kf1 Nd5 32.h4 Rh5 33.Nxe7 Nxe7 34.Rxe7 Rxh4
35.Rb7 Rb4 0-1

[Event "Podzimni turnaj TJ Praga 2015 1A"]
[Site "Praha"]
[Date "2015.12.08"]
[Round "11.11"]
[White "Pokorny, Jan"]
[Black "Davidek, Bohuslav"]
[Result "1-0"]
[WhiteElo "1865"]
[BlackElo "1771"]
[Annotator ""]
[Source ""]
[Remark ""]

1.Nf3 Nf6 2.b3 d6 3.d4 Bf5 4.e3 e6 5.Bd3 Bxd3 6.Qxd3 Nbd7 7.O-O
Be7 8.Bb2 O-O 9.c4 c5 10.Nbd2 b6 11.Rad1 Qc7 12.e4 Rad8 13.d5
e5 14.h3 Nh5 15.g3 g6 16.Nh2 f5 17.exf5 Rxf5 18.Ne4 Rdf8 19.Bc1
Ng7 20.Ng4 Rf3 21.Qe2 Nh5 22.Bh6 Ng7 23.Nd2 R3f7 24.Ne4 Re8 25.Bg5
Nf5 26.Nh6+ Nxh6 27.Bxh6 Bf8 28.Bd2 h6 29.Qg4 Kh7 30.Qh4 Kg8
31.g4 Qd8 32.g5 h5 33.Qg3 Rf5 34.Kh2 Qe7 35.Rg1 Qf7 36.Be3 Be7
37.h4 Rf8 38.Rd2 Rf3 39.Qg2 Qf5 40.Ng3 Qg4 41.Qh3 Qxh3+ 42.Kxh3
Kg7 43.Kg2 a5 44.Ne4 R3f5 45.Nc3 Nb8 46.Rb1 Na6 47.a3 Kf7 48.Na2
Ra8 49.b4 axb4 50.axb4 Ke8 51.bxc5 bxc5 52.Rb7 Rf7 53.Rdb2 Bd8
54.Nc3 Nb4 55.Ne4 Be7 56.Bd2 Nd3 57.Rb8+ Rxb8 58.Rxb8+ Kd7 59.Rb7+
Ke8 60.Kg3 Nf4 61.Bxf4 Rxf4 62.f3 Rf7 63.Rb8+ Kd7 64.Rg8 Rf8
65.Rxg6 Rb8 66.Rh6 Rb4 67.g6 1-0

[Event "Podzimni turnaj TJ Praga 2015 1A"]
[Site "Praha"]
[Date "2015.12.15"]
[Round "12.1"]
[White "Pavlicek, Petr"]
[Black "Pesr, Jaromir"]
[Result "1/2-1/2"]
[WhiteElo "1929"]
[BlackElo "2004"]
[Annotator "Ryvova, Anna"]
[Source ""]
[Remark ""]

1.Nf3 c5 2.e4 Nc6 3.d4 cxd4 4.Nxd4 d6 5.Nc3 Nf6 6.Bg5 e6 7.Nxc6
bxc6 8.Qf3 h6 9.Bxf6 Qxf6 10.Qxf6 gxf6 11.O-O-O Bd7 12.Bc4 Rb8
13.Rd3 Rg8 14.g3 e5 15.Re1 Be7 16.Bb3 Rb4 17.a3 Rb7 18.Nd1 Be6
{%02?!$14} ( 18...f5 19.Rf3 f4 {=} ) 19.Ba4 Kd7 20.Ne3 Kc7 21.Rc3
{?!} ( 21.f4 Rgb8 22.f5 Bd7 23.Red1 a5 24.Rc3 Rxb2 25.Nd5+ Kd8
26.Bxc6 Be8 27.Re1 Ra2 28.Kd2 Bxc6 29.Rxc6 {%02'with the idea' Rc7$16}
) Rb6 22.Nd5+ Bxd5 23.exd5 c5 24.Rb3 Rg4 25.Rxb6 axb6 26.Be8
Rg7 27.Re4 $16 1/2-1/2

[Event "Podzimni turnaj TJ Praga 2015 1A"]
[Site "Praha"]
[Date "2015.12.16"]
[Round "12.2"]
[White "Ptak, Pavel"]
[Black "Ryvova, Anna"]
[Result "1/2-1/2"]
[WhiteElo "2115"]
[BlackElo "1922"]
[Annotator ""]
[Source ""]
[Remark ""]

1.d4 f5 2.g3 Nf6 3.Bg2 d5 4.Nf3 e6 5.O-O Bd6 6.c4 c6 7.b3 Qe7
8.a4 a5 9.Ba3 Bxa3 10.Nxa3 b6 11.Ne5 Bb7 12.Qc1 Na6 13.Qb2 O-O
14.Rac1 Rac8 15.e3 Nd7 16.Nxd7 Qxd7 17.Rfd1 Rc7 18.Nc2 Qe7 19.Ne1
Rfc8 20.Nd3 Nb4 21.c5 Nxd3 22.Rxd3 Ba6 23.Rd2 b5 24.Bf1 Rb7 25.Ra1
Ra8 26.Qc3 b4 27.Qc2 Bxf1 28.Rxf1 Qg5 29.Qd3 h5 30.Qe2 h4 31.Qf3
Rf7 32.Qf4 Qxf4 33.exf4 Rf6 34.Kg2 Rh6 35.Rh1 Kf7 1/2-1/2

[Event "Podzimni turnaj TJ Praga 2015 1A"]
[Site "Praha"]
[Date "2015.12.15"]
[Round "12.3"]
[White "Frouz, Petr"]
[Black "Adamek, Milan"]
[Result "1/2-1/2"]
[WhiteElo "1845"]
[BlackElo "1874"]
[Annotator ""]
[Source ""]
[Remark ""]

1.d4 Nf6 2.Nf3 g6 3.c4 c5 4.d5 b5 5.cxb5 a6 6.bxa6 Bxa6 7.Nc3
d6 8.g3 Bg7 9.Bg2 Nbd7 10.O-O O-O 11.Re1 Qa5 12.e4 Ng4 13.Qc2
Rfb8 14.Bg5 Rxb2 15.Qxb2 Bxc3 16.Qc2 Nde5 17.Bxe7 Nxf3+ 18.Bxf3
Ne5 19.Be2 Bxe1 20.Bxd6 Bc3 21.Rc1 Bd4 22.Bxa6 Qxa6 23.Bxe5 Bxe5
24.Qxc5 Qf6 25.Rd1 Rxa2 26.d6 Qf3 27.Rf1 Qxe4 28.d7 Bf6 29.Qc8+
Kg7 30.d8Q Bxd8 31.Qxd8 1/2-1/2

[Event "Podzimni turnaj TJ Praga 2015 1A"]
[Site "Praha"]
[Date "2015.12.15"]
[Round "12.4"]
[White "Holub, Jan"]
[Black "Horak, Karel"]
[Result "1-0"]
[WhiteElo "2124"]
[BlackElo "1844"]
[Annotator ""]
[Source ""]
[Remark ""]

1.e4 c5 2.Nf3 d6 3.d4 cxd4 4.Nxd4 Nf6 5.Nc3 a6 6.Be3 e5 7.Nb3
Be6 8.f3 Be7 9.Qd2 O-O 10.O-O-O Nbd7 11.g4 b5 12.g5 b4 13.Ne2
Ne8 14.Ng3 a5 15.Kb1 f5 16.Nxf5 Bxf5 17.Bc4+ Kh8 18.exf5 Rxf5
19.Be6 Rxf3 20.Bxd7 Qxd7 21.Qd5 Rxe3 22.Qxa8 a4 23.Nc5 Qd8 24.Qxa4
Qc8 25.Nd3 d5 26.Nxb4 Re4 27.a3 Nc7 28.Qc6 Rc4 29.Qb6 d4 30.Rhe1
Bxb4 31.axb4 Nd5 32.Qa5 Nxb4 33.Qxe5 Kg8 34.Qe8+ Qxe8 35.Rxe8+
Kf7 36.Rd8 Nxc2 37.Rc1 Ke7 38.Rxc2 1-0

[Event "Podzimni turnaj TJ Praga 2015 1A"]
[Site "Praha"]
[Date "2015.12.15"]
[Round "12.6"]
[White "Machala, Vladislav"]
[Black "Pribyl, Jaroslav"]
[Result "1-0"]
[WhiteElo "2054"]
[BlackElo "1975"]
[Annotator ""]
[Source ""]
[Remark ""]

1.Nf3 Nf6 2.b3 g6 3.Bb2 Bg7 4.g3 b6 5.Bg2 Bb7 6.O-O O-O 7.c4
c5 8.Qc2 d6 9.d3 Nbd7 10.Nbd2 e5 11.e3 Re8 12.Rad1 Qc7 13.Rfe1
d5 14.d4 cxd4 15.exd4 exd4 16.Nxd4 Rac8 17.Qb1 a6 18.cxd5 Bxd5
19.Bxd5 Nxd5 20.Rc1 Rxe1+ 21.Rxe1 Nc3 22.Qd3 Ne5 23.Qxa6 Rd8
24.Rc1 Rxd4 25.Rxc3 Nc6 26.Rc2 Rd6 27.Ba3 Rd8 28.Nf3 Qd7 29.Rd2
Qe8 30.Re2 Rd1+ 31.Kg2 Qd8 32.Qb5 Qd7 33.Rc2 Ne5 34.Qxb6 Nxf3
35.Qb8+ Qd8 36.Rc8 Ne1+ 37.Kh3 1-0

[Event "Podzimni turnaj TJ Praga 2015 1A"]
[Site "Praha"]
[Date "2015.12.15"]
[Round "12.7"]
[White "Ulicny, Daniel"]
[Black "Stepanek, Svatopluk"]
[Result "1/2-1/2"]
[WhiteElo "1772"]
[BlackElo "1869"]
[Annotator ""]
[Source ""]
[Remark ""]

1.d4 d5 2.c4 e6 3.Nc3 Nf6 4.Nf3 Be7 5.e3 Nbd7 6.Bd3 a6 7.a4 O-O
8.O-O b6 9.cxd5 exd5 10.Ne5 Bb7 11.b3 Re8 12.f4 Bb4 13.Bb2 Bxc3
14.Bxc3 Ne4 15.Bxe4 dxe4 16.Qh5 Bd5 17.b4 f6 18.Ng4 Bf7 19.Qh4
Qe7 20.Rad1 Bb3 21.Rd2 Bxa4 22.f5 Bb3 23.d5 Rad8 24.Qg3 Kh8 25.d6
cxd6 26.Rxd6 Bc4 27.Rc1 Be2 28.Nf2 Rc8 29.Re6 Qf7 30.Qd6 Bc4
31.Rxe4 Rxe4 32.Nxe4 h6 33.Bd4 Qe8 34.Nc3 b5 35.Nd5 Bxd5 36.Rxc8
Qxc8 37.Qxd5 Qc1+ 38.Kf2 Qd2+ 39.Kg3 Ne5 40.Qa8+ Kh7 41.Qxa6
Qe1+ 42.Kh3 Qf1 43.Qe6 Nf3 44.Qd5 Ng5+ 45.Kg3 Qe1+ 46.Kg4 Qe2+
47.Kg3 Qe1+ 48.Kg4 Qe2+ 1/2-1/2

[Event "Podzimni turnaj TJ Praga 2015 1A"]
[Site "Praha"]
[Date "2015.12.15"]
[Round "12.9"]
[White "Davidek, Bohuslav"]
[Black "Brcak, Marek"]
[Result "1/2-1/2"]
[WhiteElo "1771"]
[BlackElo "1879"]
[Annotator ""]
[Source ""]
[Remark ""]

1.e4 e5 2.f4 exf4 3.Nf3 d6 4.d4 Nf6 5.Nc3 Be7 6.Bxf4 O-O 7.Bc4
Nxe4 8.Nxe4 d5 9.Bxc7 Qxc7 10.Bxd5 Qa5+ 11.Nc3 Bb4 12.Bb3 Bxc3+
13.bxc3 Qxc3+ 14.Kf2 Bg4 15.Qd2 Qc7 16.Ne5 Be6 17.Rhe1 Bxb3 18.axb3
Nd7 19.Kg1 Nxe5 20.Rxe5 Rfe8 21.Rae1 Qd7 22.Rxe8+ Rxe8 23.Rxe8+
Qxe8 24.c4 Qe4 25.Qc3 h5 26.h3 h4 27.d5 a5 28.Qxa5 Qe3+ 29.Kh2
Qf4+ 30.Kg1 1/2-1/2

[Event "Podzimni turnaj TJ Praga 2015 1A"]
[Site "Praha"]
[Date "2015.12.15"]
[Round "12.10"]
[White "Pokorny, Jan"]
[Black "Paulovic, Milan"]
[Result "1/2-1/2"]
[WhiteElo "1865"]
[BlackElo "1855"]
[Annotator ""]
[Source ""]
[Remark ""]

1.d3 d5 2.Nd2 c5 3.c4 d4 4.g3 Nc6 5.Bg2 Qc7 6.Nb3 e5 7.f4 f6
8.Nf3 Bg4 9.O-O Bd6 10.fxe5 fxe5 11.Nbd2 Nf6 12.Ng5 h6 13.Nge4
Be7 14.b3 O-O-O 15.Nxf6 gxf6 16.Ne4 Rdf8 17.a3 f5 18.Nf2 Bh5
19.b4 b6 20.Qa4 Be8 21.Qa6+ Kd8 22.Bd2 Nb8 23.Qb7 Qxb7 24.Bxb7
Bc6 25.Bxc6 Nxc6 26.b5 Nb8 27.a4 Bd6 28.a5 Bc7 29.axb6 axb6 30.Ra7
Kc8 31.Rfa1 Rfg8 32.Kh1 h5 33.Rg1 Rg6 34.Raa1 Rhg8 35.Nh3 Kd7
36.Nf2 Kd6 37.Raf1 Nd7 38.e3 dxe3 1/2-1/2

[Event "Podzimni turnaj TJ Praga 2015 1A"]
[Site "Praha"]
[Date "2015.12.15"]
[Round "12.12"]
[White "Hajek, Jiri"]
[Black "Zimak, Karel"]
[Result "1-0"]
[WhiteElo "1853"]
[BlackElo "1831"]
[Annotator ""]
[Source ""]
[Remark ""]

1.e4 c5 2.c3 Nf6 3.e5 Nd5 4.d4 e6 5.Nf3 Nc6 6.Bb5 cxd4 7.Bxc6
bxc6 8.cxd4 Bb4+ 9.Bd2 Ba6 10.Qa4 Qb6 11.Nc3 O-O 12.Qc2 f6 13.a3
Be7 14.Nxd5 exd5 15.Bc3 c5 16.dxc5 Qxc5 17.Qd2 Qc4 18.Rc1 Bc5
19.Bd4 Qa4 20.Bxc5 Rfe8 21.Qxd5+ Kh8 22.Kd2 fxe5 23.Ng5 h6 24.Nf7+
Kh7 25.b4 Rab8 26.Qe4+ Kg8 27.Nxe5 d5 28.Qxd5+ Kh8 29.Nf7+ Kh7
30.Be3 Qxa3 31.Qf5+ g6 32.Qf4 Qxb4+ 33.Qxb4 Rxb4 34.Rc7 Rb7 35.Rxb7
Bxb7 36.Rb1 Bxg2 37.Nxh6 Bf3 38.Rb4 Re5 39.Ng4 Rh5 40.Nf6+ 1-0